[Event "Cto de Aragon por Equipos Preferente"]
[Site "?"]
[Date "2020.03.14"]
[Round "8.13"]
[White "Palacios Latasa, Elias"]
[Black "Galstyan, David"]
[Result "1/2-1/2"]
[WhiteElo "2176"]
[BlackElo "1825"]
[PlyCount "85"]
[EventDate "2020.??.??"]
[WhiteTeam "IberCaja B"]
[BlackTeam "El Olivar C"]

1. e4 e5 2. Nc3 Nf6 3. Bc4 Nxe4 4. Qh5 Nd6 5. Qxe5+ Qe7 6. Qxe7+ Bxe7 7. Bb3
O-O 8. d4 Nc6 9. Nf3 Nf5 10. Bf4 d6 11. O-O-O Na5 12. Rhe1 Nxb3+ 13. axb3 Bd8
14. Nd5 Be6 15. Ne3 Nxe3 16. Rxe3 Bg4 17. Rde1 Bxf3 18. Rxf3 Bf6 19. d5 Rfe8
20. Rfe3 Kf8 21. c4 Rxe3 22. Rxe3 Re8 23. b4 Bd4 24. Rxe8+ Kxe8 25. f3 Ke7 26.
Bg5+ f6 27. Bh4 g5 28. Be1 f5 29. Kc2 h5 30. b3 b6 31. Kd3 Bg1 32. h3 Kf6 33.
Bc3+ Ke7 34. g4 hxg4 35. hxg4 fxg4 36. fxg4 Kf7 37. b5 Kg6 38. Ke4 Bf2 39. Bb2
Bc5 40. Bc3 Bf2 41. b4 Bg1 42. Kf3 Kf7 43. Ke4 1/2-1/2

[Event "Cto de Aragon por Equipos Preferente"]
[Site "?"]
[Date "2020.03.14"]
[Round "8.14"]
[White "De La Riva Fernandez, Eduardo"]
[Black "Torcal Miguel, Oscar"]
[Result "0-1"]
[WhiteElo "1800"]
[BlackElo "2046"]
[PlyCount "78"]
[EventDate "2020.??.??"]
[WhiteTeam "El Olivar C"]
[BlackTeam "IberCaja B"]

1. e4 c5 2. Nf3 Nc6 3. d4 cxd4 4. Nxd4 g6 5. c4 Bg7 6. Be3 Nh6 7. Be2 d6 8. Nc3
O-O 9. h3 f5 10. Qd2 f4 11. Bxf4 Bxd4 12. Bxh6 Bxf2+ 13. Kd1 Rf7 14. Rf1 Be6
15. Be3 Bg3 16. Rxf7 Bxf7 17. Bf4 Bxf4 18. Qxf4 Qb6 19. b3 Qg1+ 20. Bf1 Rf8 21.
Ne2 Qc5 22. Kd2 Bxc4 23. Qe3 Qb4+ 24. Kc2 Rxf1 25. Rxf1 Bxe2 26. Rf2 Qc5+ 27.
Qxc5 dxc5 28. Rxe2 Nd4+ 29. Kd3 Nxe2 30. Kxe2 Kf7 31. Kd3 Ke6 32. Kc4 Ke5 33.
Kxc5 Kxe4 34. b4 e5 35. Kd6 Kd4 36. Kc7 b5 37. Kb7 e4 38. Kxa7 e3 39. Kb6 Kc4
0-1

[Event "Cto de Aragon por Equipos Preferente"]
[Site "?"]
[Date "2020.03.14"]
[Round "8.15"]
[White "Jimenez Fernandez, Alejandro"]
[Black "Salete Sanchez, Victor"]
[Result "0-1"]
[WhiteElo "1988"]
[BlackElo "1424"]
[PlyCount "64"]
[EventDate "2020.??.??"]
[WhiteTeam "IberCaja B"]
[BlackTeam "El Olivar C"]

1. d4 Nf6 2. Nf3 g6 3. c4 Bg7 4. Nc3 O-O 5. e4 d6 6. Be2 Nbd7 7. O-O e5 8. Be3
Re8 9. d5 a5 10. Nd2 Nc5 11. a3 h5 12. f3 Kh7 13. b4 axb4 14. axb4 Rxa1 15.
Qxa1 Na6 16. Qa3 Bh6 17. Bxh6 Kxh6 18. c5 dxc5 19. bxc5 Qe7 20. Nb3 Nd7 21.
Bxa6 bxa6 22. Qa5 Qg5 23. Re1 Nf6 24. Kh1 Qh4 25. Ne2 g5 26. g3 Qh3 27. Qxc7
Bg4 28. Ng1 Bxf3+ 29. Nxf3 Ng4 30. Qc6+ Kg7 31. Qxe8 h4 32. Nxg5 Qxh2# 0-1

[Event "Cto de Aragon por Equipos Preferente"]
[Site "?"]
[Date "2020.03.14"]
[Round "8.16"]
[White "Jimenez Guillen, Rodrigo"]
[Black "Millan Martin, Alfonso"]
[Result "0-1"]
[WhiteElo "1412"]
[BlackElo "1917"]
[PlyCount "90"]
[EventDate "2020.??.??"]
[WhiteTeam "El Olivar C"]
[BlackTeam "IberCaja B"]

1. e4 d5 2. exd5 Qxd5 3. Nc3 Qd8 4. d4 Nf6 5. Bg5 c6 6. Bc4 Bf5 7. Nf3 e6 8.
O-O h6 9. Bh4 Be7 10. Qd2 Nbd7 11. Rfe1 O-O 12. Bg3 Nh5 13. Ne2 Nxg3 14. Nxg3
Bh7 15. Qe2 Bf6 16. Ne4 Be7 17. Rad1 Nf6 18. Nxf6+ Bxf6 19. Ne5 Qc7 20. Ng4 Qd8
21. Bd3 Bxd3 22. Rxd3 Be7 23. Qe5 Qd5 24. Nxh6+ gxh6 25. Rg3+ Bg5 26. h4 f6 27.
Qxe6+ Qxe6 28. Rxe6 Kf7 29. Re4 Bc1 30. Rb3 Rab8 31. g3 h5 32. f4 Rfe8 33. Rxe8
Rxe8 34. Rxb7+ Re7 35. Rxe7+ Kxe7 36. b3 Be3+ 37. Kg2 Bxd4 38. Kf3 f5 39. Ke2
Ke6 40. c4 Kd6 41. b4 Bc3 42. a3 Bb2 43. a4 Bc3 44. b5 cxb5 45. Kd3 b4 0-1

[Event "Cto de Aragon por Equipos D. Honor"]
[Site "?"]
[Date "2020.06.27"]
[Round "9.1"]
[White "Del Rey, Diego"]
[Black "Adla, Diego"]
[Result "1/2-1/2"]
[WhiteElo "2381"]
[BlackElo "2440"]
[PlyCount "63"]
[EventDate "2020.01.25"]
[WhiteTeam "El Olivar"]
[BlackTeam "St. Casablanca A"]
[WhiteClock "0:16:31"]
[BlackClock "0:07:23"]

1. e4 {[%emt 0:00:02]} c5 {[%emt 0:00:05]} 2. Nf3 {[%emt 0:00:10]} e6 {[%emt 0:
00:06]} 3. c3 {[%emt 0:00:09]} Nf6 {[%emt 0:00:05]} 4. e5 {[%emt 0:00:15]} Nd5
{[%emt 0:00:05]} 5. Na3 {[%emt 0:00:18]} Be7 {[%emt 0:09:25]} 6. Nc4 {[%emt 0:
00:46]} O-O {[%emt 0:04:28]} 7. d4 {[%emt 0:02:13]} cxd4 {[%emt 0:07:10]} 8.
Nxd4 {[%emt 0:03:09]} b6 {[%emt 0:01:21]} 9. Bd3 {[%emt 0:01:49]} Ba6 {[%emt 0:
05:08]} 10. a4 {[%emt 0:04:07]} Bxc4 {[%emt 0:35:17]} 11. Bxc4 {[%emt 0:00:23]}
Qc7 {[%emt 0:00:03]} 12. Qe2 {[%emt 0:02:08]} Nc6 {[%emt 0:00:09]} 13. Nxc6 {
[%emt 0:07:21]} Qxc6 {[%emt 0:04:27]} 14. O-O {[%emt 0:01:39]} d6 {[%emt 0:02:
58]} 15. exd6 {[%emt 0:09:44]} Bxd6 {[%emt 0:00:04]} 16. Qe4 {[%emt 0:03:06]}
Qc7 {[%emt 0:04:49]} 17. g3 {[%emt 0:04:31]} Rad8 {[%emt 0:00:10]} 18. Bg5 {
[%emt 0:08:00]} Nf6 {[%emt 0:03:25]} 19. Qe2 {[%emt 0:03:08]} h6 {[%emt 0:00:
07]} 20. Bxf6 {[%emt 0:03:30]} gxf6 {[%emt 0:00:02]} 21. a5 {[%emt 0:00:32]} f5
{[%emt 0:00:35]} 22. axb6 {[%emt 0:03:38]} axb6 {[%emt 0:00:05]} 23. Rfe1 {
[%emt 0:05:10]} Kg7 {[%emt 0:01:12]} 24. Ra4 {[%emt 0:01:44]} Be7 {[%emt 0:05:
54]} 25. Rea1 {[%emt 0:01:48]} Qd6 {[%emt 0:00:32]} 26. Ra7 {[%emt 0:01:42]}
Rd7 {[%emt 0:01:21]} 27. Bb5 {[%emt 0:02:26]} Rxa7 {[%emt 0:00:22]} 28. Rxa7 {
[%emt 0:00:04]} Rd8 {[%emt 0:01:24]} 29. Rb7 {[%emt 0:00:37]} Bg5 {[%emt 0:02:
06]} 30. h4 {[%emt 0:07:31]} Bc1 {[%emt 0:01:32]} 31. Ba4 {[%emt 0:03:49]} Kg6
{[%emt 0:03:58]} 32. b4 {[%emt 0:04:41]} 1/2-1/2

[Event "Cto de Aragon por Equipos D. Honor"]
[Site "?"]
[Date "2020.06.27"]
[Round "9.2"]
[White "Glavina, Pablo"]
[Black "Ramo Frontinan, Cristobal"]
[Result "1-0"]
[WhiteElo "2405"]
[BlackElo "2318"]
[PlyCount "53"]
[EventDate "2020.01.25"]
[WhiteTeam "St. Casablanca A"]
[BlackTeam "El Olivar"]
[WhiteClock "1:11:48"]
[BlackClock "0:17:23"]

1. c4 {[%emt 0:00:12]} Nf6 {[%emt 0:00:35]} 2. Nc3 {[%emt 0:00:05]} e5 {[%emt
0:01:25]} 3. Nf3 {[%emt 0:00:05]} Nc6 {[%emt 0:03:56]} 4. e4 {[%emt 0:00:05]}
Bb4 {[%emt 0:05:42]} 5. d3 {[%emt 0:00:07]} d6 {[%emt 0:02:13]} 6. Be2 {[%emt
0:00:07]} h6 {[%emt 0:04:58]} 7. O-O {[%emt 0:00:07]} Bxc3 {[%emt 0:01:45]} 8.
bxc3 {[%emt 0:00:06]} Bg4 {[%emt 0:01:42]} 9. Ne1 {[%emt 0:01:40]} Bxe2 {[%emt
0:00:29]} 10. Qxe2 {[%emt 0:00:06]} O-O {[%emt 0:01:08]} 11. Nc2 {[%emt 0:00:
31]} Nh7 {[%emt 0:01:32]} 12. Rb1 {[%emt 0:01:55]} b6 {[%emt 0:00:52]} 13. f4 {
[%emt 0:01:02]} exf4 {[%emt 0:07:25]} 14. Bxf4 {[%emt 0:00:07]} Qd7 {[%emt 0:
04:14]} 15. Ne3 {[%emt 0:01:26]} Ne7 {[%emt 0:05:43]} 16. Rb5 {[%emt 0:08:43]}
c5 {[%emt 0:00:57]} 17. Rb2 {[%emt 0:01:23]} f5 {[%emt 0:11:07]} 18. exf5 {
[%emt 0:01:05]} Nxf5 {[%emt 0:00:14]} 19. Qg4 {[%emt 0:00:10]} Rf7 {[%emt 0:00:
26]} 20. Nd5 {[%emt 0:00:18]} Raf8 {[%emt 0:05:38]} 21. Rbf2 {[%emt 0:00:07]}
Kh8 {[%emt 0:07:23]} 22. Bd2 {[%emt 0:04:24]} g5 {[%emt 0:06:58]} 23. h4 {
[%emt 0:03:11]} Qe6 {[%emt 0:02:15]} 24. hxg5 {[%emt 0:03:58]} hxg5 {[%emt 0:
03:53]} 25. Ne3 {[%emt 0:00:31]} Qxe3 {[%emt 0:03:31]} 26. Bxe3 {[%emt 0:00:05]
} Nxe3 {[%emt 0:00:07]} 27. Qe6 {[%emt 0:00:35]} 1-0

[Event "Cto de Aragon por Equipos D. Honor"]
[Site "?"]
[Date "2020.06.27"]
[Round "9.3"]
[White "Villuendas Valero, Adrian"]
[Black "Quintin Navarro, Alberto"]
[Result "1/2-1/2"]
[WhiteElo "2265"]
[BlackElo "2378"]
[PlyCount "61"]
[EventDate "2020.01.25"]
[WhiteTeam "El Olivar"]
[BlackTeam "St. Casablanca A"]

1. e4 {[%emt 4:48:45]} e5 {[%emt 0:00:12]} 2. Nf3 {[%emt 0:00:11]} Nc6 {[%emt
0:00:06]} 3. Bb5 {[%emt 0:00:22]} a6 {[%emt 0:00:08]} 4. Ba4 {[%emt 0:00:07]}
Nf6 {[%emt 0:00:50]} 5. O-O {[%emt 0:00:33]} Be7 {[%emt 0:00:27]} 6. Re1 {
[%emt 0:02:20]} b5 {[%emt 0:00:17]} 7. Bb3 {[%emt 0:00:04]} O-O {[%emt 0:00:42]
} 8. h3 {[%emt 0:03:16]} d6 {[%emt 0:00:29]} 9. c3 {[%emt 0:00:08]} Nb8 {[%emt
0:03:27]} 10. d4 {[%emt 0:00:15]} Nbd7 {[%emt 0:00:07]} 11. Nbd2 {[%emt 0:00:
06]} Bb7 {[%emt 0:00:05]} 12. Bc2 {[%emt 0:00:16]} Re8 {[%emt 0:01:00]} 13. Nf1
{[%emt 0:00:14]} Bf8 {[%emt 0:00:12]} 14. Ng3 {[%emt 0:00:06]} g6 {[%emt 0:00:
15]} 15. a4 {[%emt 0:00:33]} c5 {[%emt 0:01:53]} 16. d5 {[%emt 0:00:06]} c4 {
[%emt 0:00:36]} 17. Bg5 {[%emt 0:00:22]} h6 {[%emt 0:00:52]} 18. Be3 {[%emt 0:
00:20]} Nc5 {[%emt 0:03:59]} 19. Qd2 {[%emt 0:01:15]} Kh7 {[%emt 0:00:18]} 20.
Ra3 {[%emt 0:01:34]} Nfd7 {[%emt 0:04:34]} 21. Rea1 {[%emt 0:06:18]} Nb6 {
[%emt 0:01:59]} 22. axb5 {[%emt 0:00:24]} axb5 {[%emt 0:00:07]} 23. h4 {[%emt
0:11:08]} Rxa3 {[%emt 0:05:26]} 24. Rxa3 {[%emt 0:00:14]} Bc8 {[%emt 0:15:19]}
25. h5 {[%emt 0:05:35]} Nba4 {[%emt 0:03:14]} 26. Bd1 {[%emt 0:06:13]} Bd7 {
[%emt 0:00:49]} 27. Nh2 {[%emt 0:04:01]} Qh4 {[%emt 0:03:39]} 28. Nf3 {[%emt 0:
00:48]} Qf6 {[%emt 0:04:06]} 29. Nh2 {[%emt 0:00:22]} Qh4 {[%emt 0:01:12]} 30.
Nf3 {[%emt 0:00:29]} Qf6 {[%emt 0:00:12]} 31. Nh2 {[%emt 0:00:15]} 1/2-1/2

[Event "Cto de Aragon por Equipos D. Honor"]
[Site "?"]
[Date "2020.06.27"]
[Round "9.4"]
[White "Vela Frago, Alberto"]
[Black "Galstyan, David"]
[Result "1-0"]
[WhiteElo "2040"]
[BlackElo "1825"]
[PlyCount "73"]
[EventDate "2020.01.25"]
[WhiteTeam "St. Casablanca A"]
[BlackTeam "El Olivar"]
[WhiteClock "0:27:19"]
[BlackClock "0:06:21"]

1. c4 {[%emt 0:00:02]} e5 {[%emt 0:00:08]} 2. Nc3 {[%emt 0:00:08]} Nc6 {[%emt
0:00:10]} 3. Nf3 {[%emt 0:00:22]} f5 {[%emt 0:00:25]} 4. d3 {[%emt 0:00:22]}
Nf6 {[%emt 0:00:57]} 5. g3 {[%emt 0:00:06]} Bc5 {[%emt 0:03:07]} 6. Bg2 {[%emt
0:01:57]} d6 {[%emt 0:00:21]} 7. a3 {[%emt 0:02:06]} O-O {[%emt 0:02:32]} 8. b4
{[%emt 0:00:26]} Bb6 {[%emt 0:00:04]} 9. O-O {[%emt 0:00:43]} Qe8 {[%emt 0:01:
36]} 10. e3 {[%emt 0:04:21]} f4 {[%emt 0:12:27]} 11. exf4 {[%emt 0:16:04]} Qh5
{[%emt 0:09:25]} 12. c5 {[%emt 0:06:24]} dxc5 {[%emt 0:05:31]} 13. Nxe5 {[%emt
0:02:42]} Qxd1 {[%emt 0:25:26]} 14. Nxd1 {[%emt 0:01:28]} Nxe5 {[%emt 0:00:56]}
15. fxe5 {[%emt 0:00:08]} Ng4 {[%emt 0:00:08]} 16. Bb2 {[%emt 0:00:55]} cxb4 {
[%emt 0:01:01]} 17. axb4 {[%emt 0:00:26]} Bf5 {[%emt 0:03:37]} 18. d4 {[%emt 0:
12:00]} c6 {[%emt 0:05:23]} 19. h3 {[%emt 0:01:22]} Nh6 {[%emt 0:00:13]} 20.
Ne3 {[%emt 0:00:26]} Rad8 {[%emt 0:00:43]} 21. Rfd1 {[%emt 0:03:03]} Be6 {
[%emt 0:01:35]} 22. Rd2 {[%emt 0:04:17]} Rd7 {[%emt 0:01:11]} 23. Bf1 {[%emt 0:
03:49]} Nf7 {[%emt 0:03:31]} 24. f4 {[%emt 0:02:56]} Nh6 {[%emt 0:04:31]} 25.
Kg2 {[%emt 0:01:46]} Rfd8 {[%emt 0:01:37]} 26. Rad1 {[%emt 0:04:08]} c5 {[%emt
0:05:21]} 27. bxc5 {[%emt 0:04:36]} Bxc5 {[%emt 0:00:18]} 28. Kf3 {[%emt 0:00:
51]} Bb3 {[%emt 0:04:13]} 29. Bc4+ {[%emt 0:00:20]} Bxc4 {[%emt 0:00:07]} 30.
Nxc4 {[%emt 0:00:08]} Bb4 {[%emt 0:00:40]} 31. Rd3 {[%emt 0:00:24]} Nf5 {[%emt
0:00:29]} 32. Ke4 {[%emt 0:02:15]} b5 {[%emt 0:02:44]} 33. Na3 {[%emt 0:00:13]}
Bxa3 {[%emt 0:00:53]} 34. Bxa3 {[%emt 0:00:01]} g6 {[%emt 0:00:24]} 35. g4 {
[%emt 0:00:07]} Ne7 {[%emt 0:00:08]} 36. Bxe7 {[%emt 0:00:05]} Rxe7 {[%emt 0:
00:02]} 37. d5 {[%emt 0:00:35]} 1-0

[Event "Cto de Aragon por Equipos D. Honor"]
[Site "?"]
[Date "2020.06.27"]
[Round "9.5"]
[White "Luis Vitalla, Fernando"]
[Black "Zambrana Petisme, Ramiro"]
[Result "1-0"]
[WhiteElo "2115"]
[BlackElo "2107"]
[PlyCount "81"]
[EventDate "2020.01.25"]
[WhiteTeam "Atletismo Huesca"]
[BlackTeam "Palacio De Pioneros B"]

1. d4 Nf6 2. Bf4 g6 3. Nc3 d5 4. e3 Bf5 5. Be2 c6 6. g4 Be6 7. Bf3 Bg7 8. h4 h5
9. g5 Nfd7 10. Nge2 Nb6 11. b3 a5 12. Nc1 N8d7 13. Nd3 Rc8 14. Qd2 a4 15. O-O
c5 16. Nb5 cxd4 17. exd4 O-O 18. Rfe1 Bf5 19. c3 Re8 20. Re2 Bxd3 21. Qxd3 Nf8
22. Na7 Ra8 23. Nb5 Rc8 24. Rae1 Qd7 25. Kg2 axb3 26. axb3 Ne6 27. Rxe6 fxe6
28. Qxg6 Rf8 29. Be5 Rf7 30. Bxg7 Rxg7 31. Qxe6+ Qxe6 32. Rxe6 Rc6 33. Re5 e6
34. Bxh5 Nd7 35. Re3 Nf8 36. Kg3 Rb6 37. c4 dxc4 38. bxc4 Rc6 39. c5 b6 40. Bf3
Rc8 41. cxb6 1-0

[Event "Cto de Aragon por Equipos D. Honor"]
[Site "?"]
[Date "2020.06.27"]
[Round "9.6"]
[White "Gomez Salinas, Nestor"]
[Black "Salamero Pelay, Fernando"]
[Result "1-0"]
[WhiteElo "2029"]
[BlackElo "2075"]
[PlyCount "101"]
[EventDate "2020.01.25"]
[WhiteTeam "Palacio De Pioneros B"]
[BlackTeam "Atletismo Huesca"]

1. g4 d6 2. Bg2 g6 3. d4 Bg7 4. h3 c6 5. Bf4 Qb6 6. e3 Qxb2 7. Nd2 Nf6 8. c4
O-O 9. Ngf3 Nbd7 10. O-O Re8 11. Qa4 Qb6 12. Rab1 Qd8 13. Bh2 e5 14. g5 Nh5 15.
Ne4 Qe7 16. Qa3 exd4 17. Nxd4 Be5 18. Bxe5 Nxe5 19. Qxd6 Nxc4 20. Qxe7 Rxe7 21.
Rfd1 Nb6 22. Kh2 Nd5 23. Rd2 Kg7 24. Nd6 f6 25. h4 fxg5 26. hxg5 Nb6 27. a4 Re5
28. Ra2 Rxg5 29. a5 Nd5 30. Nxc8 Nc3 31. Rxb7+ Kf6 32. Rc2 Rxc8 33. Rxc3 Rxa5
34. Rxc6+ Rxc6 35. Nxc6 Ra2 36. Kg1 Ra1+ 37. Bf1 a5 38. Rxh7 Ng7 39. Rh8 a4 40.
Ra8 Nf5 41. Ra6 Kg5 42. Ne5 Nh4 43. f4+ Kf5 44. Kf2 Ra2+ 45. Kg3 Ke4 46. Kxh4
Kxe3 47. Nxg6 a3 48. Kg5 Ra1 49. Bc4 Kd4 50. Be6 Kc3 51. f5 1-0

[Event "Cto de Aragon por Equipos D. Honor"]
[Site "?"]
[Date "2020.06.27"]
[Round "9.7"]
[White "Gella Lopez, Angel"]
[Black "Sacristan Latorre, Carlos"]
[Result "1/2-1/2"]
[WhiteElo "2083"]
[BlackElo "1663"]
[PlyCount "47"]
[EventDate "2020.01.25"]
[WhiteTeam "Atletismo Huesca"]
[BlackTeam "Palacio De Pioneros B"]

1. d4 Nf6 2. c4 g6 3. Nc3 Bg7 4. e4 d6 5. Nf3 O-O 6. Be2 Nbd7 7. O-O e5 8. Qc2
c6 9. Rd1 Qc7 10. Rb1 a6 11. b4 Rd8 12. h3 h6 13. Be3 d5 14. dxe5 Nxe5 15. Nxe5
Qxe5 16. Bb6 Re8 17. cxd5 cxd5 18. Nxd5 Nxe4 19. Nc7 Nc3 20. Nxe8 Nxe2+ 21. Kf1
Bf5 22. Qxe2 Qxe2+ 23. Kxe2 Rxe8+ 24. Be3 1/2-1/2

[Event "Cto de Aragon por Equipos D. Honor"]
[Site "?"]
[Date "2020.06.27"]
[Round "9.8"]
[White "Caballero Ortin, Jorge"]
[Black "Laplaza Ara, Carlos"]
[Result "1/2-1/2"]
[WhiteElo "1624"]
[BlackElo "1944"]
[PlyCount "55"]
[EventDate "2020.01.25"]
[WhiteTeam "Palacio De Pioneros B"]
[BlackTeam "Atletismo Huesca"]

1. e4 c5 2. Nf3 d6 3. Bb5+ Bd7 4. Bxd7+ Qxd7 5. c4 Nc6 6. d4 cxd4 7. Nxd4 Nf6
8. Nc3 g6 9. O-O Bg7 10. Re1 O-O 11. f3 Rac8 12. Nxc6 bxc6 13. Be3 Qb7 14. Qe2
Rb8 15. Rab1 Nd7 16. h4 Bxc3 17. bxc3 Qxb1 18. Rxb1 Rxb1+ 19. Kh2 Rfb8 20. f4
h5 21. Qd3 Nf6 22. f5 R1b2 23. fxg6 fxg6 24. c5 Ng4+ 25. Kg3 Nxe3 26. Qxe3 Rxa2
27. cxd6 exd6 28. Qg5 1/2-1/2

[Event "Cto de Aragon por Equipos D. Honor"]
[Site "?"]
[Date "2020.06.27"]
[Round "9.10"]
[White "Ayensa Garcia, Miguel Angel"]
[Black "Barranco Mananet, Fernando"]
[Result "1-0"]
[WhiteElo "1970"]
[BlackElo "2034"]
[PlyCount "83"]
[EventDate "2020.01.25"]
[WhiteTeam "St. Casablanca B"]
[BlackTeam "Monzon"]

1. c4 e5 2. Nc3 Bb4 3. Nd5 a5 4. a3 Be7 5. g3 d6 6. Bg2 c6 7. Nc3 f5 8. e3 Nf6
9. Nge2 O-O 10. O-O Be6 11. b3 Qd7 12. Bb2 Na6 13. d4 e4 14. Rc1 Nc7 15. Na4
Ra6 16. Nac3 b5 17. cxb5 cxb5 18. Re1 b4 19. Nb1 Rc6 20. axb4 axb4 21. Nd2 d5
22. Rxc6 Qxc6 23. Qc1 Qb6 24. Nf4 Bd7 25. f3 Nb5 26. fxe4 fxe4 27. Qa1 g5 28.
Nh3 Ng4 29. Re2 Qh6 30. Qa5 Nxh2 31. Kxh2 g4 32. Bf1 gxh3 33. Re1 Rf2+ 34. Kh1
Rxd2 35. Bc1 Bg4 36. Bxd2 Qd6 37. Be2 Bf3+ 38. Bxf3 exf3 39. Qxb5 f2 40. Rf1
Qxg3 41. Qe8+ Bf8 42. Qe6+ 1-0

[Event "Cto de Aragon por Equipos D. Honor"]
[Site "?"]
[Date "2020.06.27"]
[Round "9.11"]
[White "Garreta Crespo, Blas"]
[Black "Sanjulian Arruga, Pablo"]
[Result "1/2-1/2"]
[WhiteElo "1758"]
[BlackElo "1961"]
[PlyCount "54"]
[EventDate "2020.01.25"]
[WhiteTeam "Monzon"]
[BlackTeam "St. Casablanca B"]

1. f4 c5 2. Nf3 Nf6 3. e3 g6 4. b3 Bg7 5. Bb2 d6 6. Bb5+ Bd7 7. Qe2 Bxb5 8.
Qxb5+ Qd7 9. Qxd7+ Nbxd7 10. O-O O-O 11. d3 Nd5 12. Bxg7 Kxg7 13. Re1 b5 14.
Nbd2 a6 15. a3 Rfb8 16. g3 Nc7 17. e4 e5 18. fxe5 dxe5 19. a4 Ne6 20. Ra2 f6
21. axb5 axb5 22. Rea1 Rxa2 23. Rxa2 Rb7 24. Kf2 Kf7 25. Ra5 Nb8 26. c3 Nc6 27.
Ra6 Nb8 1/2-1/2

[Event "Cto de Aragon por Equipos D. Honor"]
[Site "?"]
[Date "2020.06.27"]
[Round "9.12"]
[White "Gasca Uson, Miguel"]
[Black "Rodriguez Aranda, Kevin"]
[Result "0-1"]
[WhiteElo "1421"]
[BlackElo "1738"]
[PlyCount "29"]
[EventDate "2020.01.25"]
[WhiteTeam "St. Casablanca B"]
[BlackTeam "Monzon"]

1. c4 e5 2. g3 Nf6 3. Bg2 c6 4. Nc3 d5 5. cxd5 cxd5 6. d3 Bc5 7. Bg5 Bxf2+ 8.
Kxf2 Ng4+ 9. Ke1 Qxg5 10. Nf3 Qd8 11. Qa4+ Nc6 12. Nd2 Be6 13. Qb5 O-O 14. Bxd5
Nd4 15. Bb3 0-1

[Event "Cto de Aragon por Equipos Preferente"]
[Site "?"]
[Date "2020.03.21"]
[Round "9.14"]
[White "Ruiperez Gumiel, Ramon"]
[Black "Del Corral Abancens, Alfonso"]
[Result "1/2-1/2"]
[WhiteElo "1889"]
[BlackElo "1876"]
[PlyCount "25"]
[EventDate "2020.??.??"]
[WhiteTeam "Marcos Frechin A"]
[BlackTeam "Shatranj"]

1. d4 Nf6 2. c4 e6 3. Nf3 c5 4. d5 b5 5. Bg5 exd5 6. cxd5 d6 7. e4 a6 8. a4 Be7
9. Bxf6 Bxf6 10. axb5 Bxb2 11. Ra2 Bf6 12. Bd3 O-O 13. O-O 1/2-1/2

[Event "Cto de Aragon por Equipos Preferente"]
[Site "?"]
[Date "2020.03.21"]
[Round "9.16"]
[White "Lopez Lozano, David"]
[Black "Ballonga Arruebo, Alejandro"]
[Result "1/2-1/2"]
[WhiteElo "1696"]
[BlackElo "1677"]
[PlyCount "30"]
[EventDate "2020.??.??"]
[WhiteTeam "Marcos Frechin A"]
[BlackTeam "Shatranj"]

1. e4 e6 2. d4 d5 3. Nc3 Bb4 4. e5 c5 5. a3 Bxc3+ 6. bxc3 Ne7 7. Nf3 Nbc6 8.
Bd3 Bd7 9. O-O Qc7 10. Re1 c4 11. Be2 f6 12. a4 Ng6 13. Ba3 fxe5 14. dxe5 Ncxe5
15. Nxe5 Qxe5 1/2-1/2

[Event "Cto de Aragon por Equipos D. Honor"]
[Site "?"]
[Date "2020.07.04"]
[Round "10.1"]
[White "Adla, Diego"]
[Black "Forcen Esteban, Daniel"]
[Result "0-1"]
[WhiteElo "2440"]
[BlackElo "2548"]
[PlyCount "82"]
[EventDate "2020.01.25"]
[WhiteTeam "St. Casablanca A"]
[BlackTeam "Jaime Casas"]
[WhiteClock "0:01:36"]
[BlackClock "0:01:00"]

1. Nf3 c5 {[%emt 0:02:17]} 2. b3 {[%emt 0:04:15]} d5 {[%emt 0:05:56]} 3. e3 {
[%emt 0:00:08]} Nc6 {[%emt 0:06:29]} 4. Bb5 {[%emt 0:01:06]} Qb6 {[%emt 0:01:
15]} 5. Nc3 {[%emt 0:10:04]} e6 {[%emt 0:09:32]} 6. Ne5 {[%emt 0:07:42]} Bd6 {
[%emt 0:11:18]} 7. Bxc6+ {[%emt 0:00:20]} bxc6 {[%emt 0:00:07]} 8. Nd3 {[%emt
0:00:09]} Nf6 {[%emt 0:06:55]} 9. Na4 {[%emt 0:02:14]} Qa5 {[%emt 0:00:41]} 10.
Ba3 {[%emt 0:14:19]} Nd7 {[%emt 0:00:46]} 11. c4 {[%emt 0:00:56]} dxc4 {[%emt
0:06:51]} 12. bxc4 {[%emt 0:00:32]} O-O {[%emt 0:00:57]} 13. O-O {[%emt 0:08:
46]} Rd8 {[%emt 0:03:08]} 14. Bb2 {[%emt 0:11:45]} e5 {[%emt 0:15:40]} 15. e4 {
[%emt 0:16:39]} f6 {[%emt 0:02:10]} 16. Qc2 {[%emt 0:00:20]} Nb6 {[%emt 0:02:
56]} 17. Nxb6 {[%emt 0:00:07]} axb6 {[%emt 0:00:04]} 18. a4 {[%emt 0:00:04]}
Be6 {[%emt 0:00:29]} 19. Nc1 {[%emt 0:05:24]} Bf8 {[%emt 0:02:11]} 20. d3 {
[%emt 0:00:10]} Qa7 {[%emt 0:00:40]} 21. Bc3 {[%emt 0:04:23]} Qd7 {[%emt 0:02:
02]} 22. Rb1 {[%emt 0:02:31]} Ra6 {[%emt 0:00:19]} 23. Rb2 {[%emt 0:02:04]} Qa7
{[%emt 0:03:50]} 24. Qb1 {[%emt 0:01:50]} Bd7 {[%emt 0:05:24]} 25. Ne2 {[%emt
0:04:01]} Rb8 {[%emt 0:02:07]} 26. f4 {[%emt 0:00:18]} exf4 {[%emt 0:00:05]}
27. Nxf4 {[%emt 0:02:37]} Rxa4 {[%emt 0:00:24]} 28. e5 {[%emt 0:00:09]} fxe5 {
[%emt 0:01:03]} 29. Bxe5 {[%emt 0:00:06]} Re8 {[%emt 0:00:04]} 30. Bc3 {[%emt
0:01:45]} b5 {[%emt 0:02:10]} 31. Rbf2 {[%emt 0:00:06]} bxc4 {[%emt 0:03:59]}
32. dxc4 {[%emt 0:01:01]} Rxc4 {[%emt 0:03:26]} 33. Qb3 {[%emt 0:00:25]} Qa4 {
[%emt 0:00:05]} 34. Qxa4 {[%emt 0:00:25]} Rxa4 {[%emt 0:00:05]} 35. Rd2 {[%emt
0:00:33]} Bc8 {[%emt 0:00:27]} 36. Nd3 {[%emt 0:00:15]} Rd8 {[%emt 0:01:51]}
37. Ne5 {[%emt 0:00:22]} Rxd2 {[%emt 0:00:30]} 38. Bxd2 {[%emt 0:00:02]} Ra2 {
[%emt 0:00:16]} 39. Bf4 {[%emt 0:00:57]} c4 {[%emt 0:00:55]} 40. Rc1 {[%emt 0:
00:26]} Bc5+ {[%emt 0:00:35]} 41. Kh1 {[%emt 0:00:01]} Be6 {[%emt 0:00:06]} 0-1